[Event "GER-ch U12"]
[Site "Willingen"]
[Date "2017.06.05"]
[Round "4"]
[White "Frank, Marek"]
[Black "Schubert, Nikita"]
[Result "1/2-1/2"]
[WhiteElo "1639"]
[BlackElo "1715"]
[PlyCount "85"]
[EventDate "2017.06.04"]
[EventType "swiss"]
[EventRounds "11"]
[EventCountry "GER"]
[SourceTitle "CBM 178 Extra"]
[Source "ChessBase"]
[SourceDate "2017.06.22"]
[SourceVersion "1"]
[SourceVersionDate "2017.06.22"]
[SourceQuality "1"]

1. c4 Nf6 2. g3 e6 3. Bg2 d5 4. Nf3 Be7 5. 0-0 0-0 6. b3 d4 7. e3 c5 8. exd4 cxd4 9. d3 Nc6 10. Re1 Ne8 11. a3 a5 12. Bb2 f6 13. Nbd2 e5 14. Qc2 Nc7 15. Rab1 Na6 16. Bc1 Qc7 17. Qd1 Bf5 18. Ne4 h6 19. Nh4 Bh7 20. Qh5 Nc5 21. Ng6 Bxg6 22. Qxg6 Ne6 23. Bxh6 Bxa3 24. Bh3 Ncd8 25. Ng5 Nxg5 26. Bxg5 fxg5 27. Bf5 Rf6 28. Qe8+ Bf8 29. Be4 Qe7 30. Bd5+ Kh7 31. Qxe7 Bxe7 32. Rxe5 Bd6 33. Rxg5 Nf7 34. Bxf7 Rxf7 35. Rd5 Bc7 36. Re1 Rd8 37. Rb5 b6 38. f4 Rdd7 39. Re8 g6 40. Re4 Kg7 41. Kf2 Kf6 42. Kf3 Rh7 43. h4 1/2-1/2